Prometeo : Luz de domingo. La caída de los limones. (Novelas selectas)

Uloženo v:
Podrobná bibliografie
Hlavní autor: Pérez de Ayala, Ramón
Médium: Kniha
Jazyk:Undetermined
Vydáno: Santiago, Chile Editorial Pax [s.f.]
Témata:
Tagy: Přidat tag
Žádné tagy, Buďte první, kdo vytvoří štítek k tomuto záznamu!

MARC

LEADER 00000nam a2200000Ia 4500
008 170316s9999 xx 000 0 und d
040 |a cru BVZT 
090 |a 862 P-12p 
100 |a Pérez de Ayala, Ramón  |9 958 
245 |a Prometeo : Luz de domingo. La caída de los limones. (Novelas selectas)  |c / Ramón Pérez de Ayala 
260 |a Santiago, Chile  |b Editorial Pax  |c [s.f.] 
300 |a 107 páginas 
650 |a LITERATURA ESPAÑOLA  |9 23 
650 |a NOVELA  |9 13 
999 |c 9350  |d 9350 
942 |c 15 D  |h 862 P-12p  |2 z